=LDR 00000nam 2200000 4500 =001 INLIS000000000030478 =005 20130612132623 =008 ***********************************Ind** =035 ##$$0010-061300000030478 =041 ##$$a Ind =082 ##$$a 627.52 =090 ##$$a 627.52, Wud m =100 ##$$a Wudianto, Rini =245 ##$$a Mencegah erosi, Rini Wudianto =260 ##$$a 1994 $b Jakarta =300 ##$$a 31 hlm, ilus, 21 cm =650 ##$$a Erosi - Pencegahan =850 ##$$a NBPNMAT